[Event "35th European Club Cup 2019"]
[Site "Ulcinj"]
[Date "2019.11.13"]
[Round "4.14"]
[White "Renet, Olivier"]
[Black "Krivonosov, Oleg"]
[Result "1/2-1/2"]
[WhiteElo "2475"]
[BlackElo "2404"]
[Annotator "ChessBase"]
[PlyCount "182"]
[EventDate "2019.11.10"]
[EventType "team-tourn"]
[EventCountry "MNE"]
[SourceTitle "playchess.com"]
[Source "ChessBase"]
[SourceQuality "1"]
[WhiteTeam "Riehen SG"]
[BlackTeam "MRU-ROSK Consulting"]
[TimeControl "40/5400+30:1800+30"]

1. d4 {[%emt 0:00:00]} d5 {[%emt 0:00:00]} 2. c4 {[%emt 0:00:00]} e6 {[%emt 0:00:00]} 3. Nc3 {[%emt 0:00:00]} Be7 {[%emt 0:00:04]} 4. cxd5 {[%emt 0:00:13]} exd5 {[%emt 0:00:08]} 5. Bf4 {[%emt 0:00:10]} Nf6 {[%emt 0:00:38]} 6. e3 {[%emt 0:00:28]} O-O {[%emt 0:00:15]} 7. Nf3 {[%emt 0:02:01]} c5 {[%emt 0:02:43]} 8. dxc5 {[%emt 0:02:02]} Bxc5 {[%emt 0:00:28]} 9. Be2 {[%emt 0:00:11]} Nc6 {[%emt 0:02:19]} 10. O-O {[%emt 0:00:12]} Be6 {[%emt 0:12:44]} 11. Rc1 {[%emt 0:01:12]} Bd6 {[%emt 0:02:53]} 12. Bxd6 {[%emt 0:06:56]} Qxd6 {[%emt 0:00:09]} 13. Qa4 {[%emt 0:00:21]} a6 {[%emt 0:07:05]} 14. Qh4 {[%emt 0:09:50]} Rac8 {[%emt 0:06:37]} 15. Rcd1 {[%emt 0:11:42]} Rfd8 {[%emt 0:02:41]} 16. Rd2 {[%emt 0:03:59]} h6 {[%emt 0:04:21]} 17. Rfd1 {[%emt 0:10:50]} Qe7 {[%emt 0:02:56]} 18. h3 {[%emt 0:01:06]} Kf8 {[%emt 0:07:39]} 19. Nd4 {[%emt 0:05:25]} Nxd4 {[%emt 0:06:50]} 20. Rxd4 {[%emt 0:05:28]} Rd7 {[%emt 0:06:23]} 21. Qf4 {[%emt 0:05:24]} Qc5 {[%emt 0:03:42]} 22. Bf3 {[%emt 0:03:15]} Qc7 {[%emt 0:01:14]} 23. Qxc7 {[%emt 0:01:20]} Rcxc7 {[%emt 0:00:16]} 24. g4 {[%emt 0:01:01]} Ke7 25. Kg2 {[%emt 0:00:29]} Rc5 {[%emt 0:06:05]} 26. a3 {[%emt 0:02:09]} b5 {[%emt 0:02:14]} 27. Kg3 {[%emt 0:02:10]} Rc4 {[%emt 0:03:19]} 28. Bg2 {[%emt 0:00:48]} g6 {[%emt 0:07:52]} 29. f4 {[%emt 0:00:44]} Rdc7 {[%emt 0:02:15]} 30. Bf3 {[%emt 0:02:11]} h5 {[%emt 0:02:00]} 31. g5 {[%emt 0:08:01]} Ne4+ {[%emt 0:02:27]} 32. Nxe4 {[%emt 0:00:08]} Rxd4 {[%emt 0:00:54]} 33. Rxd4 {[%emt 0:00:10]} dxe4 {[%emt 0:00:06]} 34. Bxe4 {[%emt 0:00:04]} Rc1 {[%emt 0:00:31]} 35. h4 {[%emt 0:05:45]} Rg1+ {[%emt 0:01:53]} 36. Bg2 {[%emt 0:01:29]} Bc4 {[%emt 0:01:00]} 37. Kf2 {[%emt 0:01:12]} Rc1 {[%emt 0:00:56]} 38. Rd2 {[%emt 0:00:08]} Be6 {[%emt 0:00:49]} 39. Bf3 {[%emt 0:03:33]} a5 {[%emt 0:00:33]} 40. e4 {[%emt 0:00:00]} b4 {[%emt 0:00:00]} 41. axb4 {[%emt 0:03:36]} axb4 {[%emt 0:03:04]} 42. Bd1 {[%emt 0:02:52]} Bg4 {[%emt 0:02:08]} 43. Bxg4 {[%emt 0:11:10]} hxg4 {[%emt 0:00:05]} 44. Kg3 {[%emt 0:00:30]} b3 {[%emt 0:05:17]} 45. Rd3 {[%emt 0:01:55]} Rg1+ {[%emt 0:00:13]} 46. Kf2 {[%emt 0:00:26]} Rh1 {[%emt 0:00:55]} 47. Kg2 {[%emt 0:00:38]} Re1 {[%emt 0:01:27]} 48. Rxb3 {[%emt 0:00:27]} Rxe4 {[%emt 0:01:01]} 49. Kg3 {[%emt 0:00:09]} f5 {[%emt 0:00:13]} 50. gxf6+ {[%emt 0:00:13]} Kxf6 {[%emt 0:00:06]} 51. Kxg4 {[%emt 0:00:06]} Re1 {[%emt 0:00:41]} 52. Rb6+ {[%emt 0:01:37]} Kg7 {[%emt 0:00:09]} 53. b4 {[%emt 0:06:08]} Rg1+ {[%emt 0:00:21]} 54. Kf3 {[%emt 0:00:13]} Rh1 {[%emt 0:00:06]} 55. Ke4 {[%emt 0:00:41]} Rxh4 {[%emt 0:00:16]} 56. Ke5 {[%emt 0:01:44]} Rh5+ {[%emt 0:00:15]} 57. Ke4 {[%emt 0:00:09]} Rh4 {[%emt 0:00:05]} 58. Rb5 {[%emt 0:00:19]} Kf6 {[%emt 0:00:19]} 59. Rc5 {[%emt 0:00:11]} Rh1 {[%emt 0:03:03]} 60. Rc6+ {[%emt 0:00:07]} Kf7 {[%emt 0:00:09]} 61. Rc4 {[%emt 0:00:47]} Ke6 {[%emt 0:00:34]} 62. Rc6+ {[%emt 0:00:06]} Kf7 {[%emt 0:00:07]} 63. Ke5 {[%emt 0:11:04]} Rb1 {[%emt 0:02:06]} 64. Rc4 {[%emt 0:00:13]} Ke7 {[%emt 0:00:19]} 65. Rc7+ {[%emt 0:00:48]} Kd8 {[%emt 0:00:29]} 66. Rc4 {[%emt 0:00:23]} Ke7 {[%emt 0:00:34]} 67. Rc7+ {[%emt 0:02:35]} Kd8 {[%emt 0:00:35]} 68. Rb7 {[%emt 0:00:03]} Kc8 {[%emt 0:01:12]} 69. Rb6 {[%emt 0:00:36]} Rg1 {[%emt 0:03:19]} 70. Rf6 {[%emt 0:00:27]} Rg4 {[%emt 0:01:44]} 71. Kd6 {[%emt 0:00:49]} Kb7 {[%emt 0:03:17]} 72. Kc5 {[%emt 0:00:11]} g5 {[%emt 0:02:37]} 73. Rf7+ {[%emt 0:00:28]} Kc8 {[%emt 0:00:11]} 74. f5 {[%emt 0:00:10]} Rf4 {[%emt 0:00:49]} 75. b5 {[%emt 0:00:19]} g4 {[%emt 0:00:09]} 76. Kb6 {[%emt 0:00:46]} g3 {[%emt 0:00:18]} 77. Rf8+ {[%emt 0:00:11]} Kd7 {[%emt 0:00:19]} 78. Rg8 {[%emt 0:00:05]} Rf3 {[%emt 0:00:14]} 79. Ka6 {[%emt 0:00:38]} Ke7 {[%emt 0:00:19]} 80. Rg6 {[%emt 0:00:27]} Kf7 {[%emt 0:00:10]} 81. b6 {[%emt 0:00:13]} Rb3 {[%emt 0:00:28]} 82. b7 {[%emt 0:02:32]} Ra3+ {[%emt 0:00:12]} 83. Kb6 {[%emt 0:00:04]} Rb3+ {[%emt 0:00:05]} 84. Kc7 {[%emt 0:00:18]} Rc3+ {[%emt 0:00:10]} 85. Kb8 {[%emt 0:00:11]} Ra3 {[%emt 0:05:49]} 86. Rg4 {[%emt 0:02:33]} Kf6 {[%emt 0:00:58]} 87. Rg8 {[%emt 0:00:07]} Kxf5 {[%emt 0:01:13]} 88. Kc7 {[%emt 0:00:03]} Rc3+ {[%emt 0:00:35]} 89. Kd6 {[%emt 0:00:04]} Rb3 {[%emt 0:00:10]} 90. b8=Q {[%emt 0:00:11]} Rxb8 {[%emt 0:00:09]} 91. Rxb8 {[%emt 0:00:06]} Ke4 {[%emt 0:00:08] Ke5+} 1/2-1/2

[Event "35th European Club Cup 2019"]
[Site "Ulcinj"]
[Date "2019.11.13"]
[Round "4.15"]
[White "Vedrickas, Tautvydas"]
[Black "Cvitan, Ognjen"]
[Result "0-1"]
[WhiteElo "2403"]
[BlackElo "2490"]
[Annotator "TA"]
[PlyCount "68"]
[EventDate "2019.11.10"]
[EventType "team-tourn"]
[EventCountry "MNE"]
[SourceTitle "playchess.com"]
[Source "ChessBase"]
[SourceQuality "1"]
[WhiteTeam "MRU-ROSK Consulting"]
[BlackTeam "Riehen SG"]

{[%evp 19,68,-8,4,0,9,-3,16,17,21,0,0,0,0,-7,16,16,6,0,4,21,8,0,10,9,20,20,20,19,20,21,16,18,14,20,27,0,0,-50,-50,-50,-50,-114,-50,-50,-46,-88,-77,-125,-114,-437,-435]} 1. d4 Nf6 2. c4 e6 3. Nc3 Bb4 4. e3 O-O 5. Nge2 d5 6. a3 Be7 7. cxd5 exd5 8. Nf4 Re8 9. Bd3 c6 10. O-O Nbd7 {[%cal Bb8d7,Bd7f8,Bf8e6][%mdl 32]} 11. f3 {E46: Nimzo-Indian: Rubinstein: 4 e3 0-0 5 Ne2 without early Bd3} Nf8 12. Bd2 a5 $146 ({Predecessor:} 12... Ng6 13. Nfe2 c5 14. Rc1 b6 15. Be1 Bf8 16. Bf2 Bb7 17. Qd2 Qd7 18. g4 cxd4 19. exd4 {1-0 (85) Gupta,A (2613)-Almasi,Z (2684) Caleta 2016}) 13. Be1 {The position is equal.} Ne6 14. Nfe2 b5 15. Bf2 Bb7 16. h3 b4 17. axb4 axb4 18. Na4 Ba6 19. Bxa6 Rxa6 20. Qd3 Ra5 21. b3 c5 22. dxc5 Nxc5 23. Nxc5 Bxc5 24. Rfc1 g6 25. Nd4 Nd7 26. Rxa5 (26. Nc2 {feels hotter.} Ne5 27. Qe2 Bf8 28. Nd4 Bc5 29. Rxa5 Qxa5 30. Rd1) 26... Qxa5 27. Nc6 Qb6 $1 {[%cal Rb6c6]} 28. Qxd5 Bxe3 29. Qxd7 Bxf2+ 30. Kh1 (30. Kh2 $1 $15 Re2 31. Qd6) 30... Qe3 ({Better is} 30... Re6 $17 31. Nd8 {[%mdl 64] Double Attack} (31. Ne7+ $2 Kg7 $19) 31... Rf6) 31. Rd1 $1 $15 Re6 $40 {[%mdl 128] [#] ...Qc3 is the strong threat. White needs to defend precisely.} 32. Nd4 Re7 33. Qc8+ Re8 34. Qc4 $2 {[%mdl 8192]} (34. Qd7 $17) 34... Rd8 {Accuracy: White = 37%, Black = 64%.} 0-1

[Event "35th European Club Cup 2019"]
[Site "Ulcinj"]
[Date "2019.11.13"]
[Round "4.16"]
[White "De Jong, Jan-Willem"]
[Black "Mohr, Georg"]
[Result "1-0"]
[WhiteElo "2446"]
[BlackElo "2437"]
[Annotator "NA"]
[PlyCount "131"]
[EventDate "2019.11.10"]
[EventType "team-tourn"]
[EventCountry "MNE"]
[SourceTitle "playchess.com"]
[Source "ChessBase"]
[SourceQuality "1"]
[TimeControl "40/5400+30:1800+30"]

1. d4 d6 2. e4 Nf6 3. Nc3 e5 4. Nf3 exd4 5. Nxd4 Be7 6. Bf4 Nc6 7. Be2 O-O 8. O-O Re8 9. Qd2 Bf8 10. Rad1 Bd7 11. f3 g6 12. Be3 Bg7 13. Rfe1 a6 14. Bf1 Nxd4 15. Bxd4 Be6 16. Qf2 Qe7 17. e5 Nh5 18. exd6 cxd6 19. Nd5 Qd8 20. Bb6 Qd7 21. Nc7 Bxb2 22. Nxa8 Rxa8 23. Bc5 Qa4 24. Bxd6 Bc3 25. Rxe6 fxe6 26. Qe3 Bg7 27. Qxe6+ Kh8 28. Qc4 Qd7 29. Qc7 Qe6 30. Qe7 Qxa2 31. Be5 Qa5 32. Bxg7+ Nxg7 33. Rd7 Qb6+ 34. Kh1 Rg8 35. h3 Qb1 36. Kg1 b5 37. Rc7 Qb2 38. c3 Qc1 39. Qe5 Qd2 40. Ra7 Qa2 41. Qxb5 Qxg2+ 42. Kxg2 axb5 43. Bxb5 Nf5 44. Bd3 Ne3+ 45. Kg3 Rc8 46. Kf4 Nd5+ 47. Ke5 Nxc3 48. Be4 Rf8 49. h4 Ne2 50. h5 Nf4 51. h6 Nh3 52. Bd5 Ng5 53. f4 Nh3 54. Bf7 Nf2 55. Kf6 Ng4+ 56. Kg5 Ne3 57. Ra5 Nf5 58. Be6 Nd6 59. Re5 Ne8 60. Bf7 Nd6 61. Be6 Ne8 62. Bd7 Nf6 63. Bh3 Ne8 64. Re6 Kg8 65. Rc6 Kh8 66. Rc8 1-0

[Event "35th European Club Cup 2019"]
[Site "Ulcinj"]
[Date "2019.11.13"]
[Round "4.17"]
[White "Kobalia, Mikhail"]
[Black "Rogozenco, Dorian"]
[Result "1-0"]
[WhiteElo "2608"]
[BlackElo "2484"]
[Annotator "ChessBase"]
[PlyCount "117"]
[EventDate "2019.11.10"]
[EventType "team-tourn"]
[EventCountry "MNE"]
[SourceTitle "playchess.com"]
[Source "ChessBase"]
[SourceQuality "1"]
[WhiteTeam "Moscow Chess Team"]
[BlackTeam "Lysa nad Labem"]
[TimeControl "40/5400+30:1800+30"]

1. e4 {[%emt 0:00:00]} c5 {[%emt 0:00:00]} 2. Nf3 {[%emt 0:00:00]} Nc6 {[%emt 0:00:00]} 3. Bb5 {[%emt 0:00:25]} Nf6 {[%emt 0:00:09]} 4. Bxc6 {[%emt 0:02:03]} dxc6 {[%emt 0:00:07]} 5. d3 {[%emt 0:00:04]} Bg4 {[%emt 0:00:05]} 6. Nbd2 {[%emt 0:01:59]} Nd7 {[%emt 0:00:39]} 7. h3 {[%emt 0:05:20]} Bh5 {[%emt 0:00:09]} 8. Nf1 {[%emt 0:00:51]} e5 {[%emt 0:04:08]} 9. Bd2 {[%emt 0:05:52]} f6 {[%emt 0:03:11]} 10. Ng3 {[%emt 0:07:44]} Bf7 {[%emt 0:00:19]} 11. O-O {[%emt 0:00:12]} Qc7 {[%emt 0:36:11]} 12. Qe2 {[%emt 0:03:10]} g6 {[%emt 0:01:41]} 13. a4 {[%emt 0:05:43]} Bd6 {[%emt 0:02:06]} 14. c3 {[%emt 0:01:44]} O-O {[%emt 0:09:57]} 15. Bh6 {[%emt 0:07:20]} Rfe8 {[%emt 0:00:26]} 16. Nh2 {[%emt 0:00:05]} Kh8 {[%emt 0:04:56]} 17. Qe3 {[%emt 0:03:11]} c4 {[%emt 0:10:09]} 18. Rfd1 {[%emt 0:06:45]} Rad8 {[%emt 0:02:45]} 19. Ng4 {[%emt 0:02:35]} Be7 {[%emt 0:06:11]} 20. Qf3 {[%emt 0:11:28]} c5 {[%emt 0:00:32]} 21. Nf1 {[%emt 0:05:01]} Qc6 {[%emt 0:07:38]} 22. Nfe3 {[%emt 0:01:24]} cxd3 {[%emt 0:03:43]} 23. Rxd3 {[%emt 0:00:02]} f5 {[%emt 0:01:02]} 24. Rxd7 {[%emt 0:04:47]} Qxd7 {[%emt 0:00:03]} 25. exf5 {[%emt 0:00:15]} e4 {[%emt 0:02:05]} 26. Qg3 {[%emt 0:08:41]} Qd6 {[%emt 0:01:07]} 27. Bf4 {[%emt 0:01:22]} Qa6 {[%emt 0:00:06]} 28. Be5+ {[%emt 0:10:57]} Kg8 {[%emt 0:00:05]} 29. fxg6 {[%emt 0:00:08]} Qxg6 {[%emt 0:00:48]} 30. Nh6+ {[%emt 0:02:08]} Kf8 {[%emt 0:00:06]} 31. Nef5 {[%emt 0:00:04]} Bf6 {[%emt 0:03:10]} 32. Bd6+ {[%emt 0:00:55]} Be7 {[%emt 0:01:18]} 33. Be5 {[%emt 0:01:03]} Bf6 {[%emt 0:00:01]} 34. Qxg6 {[%emt 0:00:40]} hxg6 {[%emt 0:00:52]} 35. Bxf6 {[%emt 0:00:26]} gxf5 {[%emt 0:00:06]} 36. Bxd8 {[%emt 0:00:05]} Rxd8 {[%emt 0:00:06]} 37. Nxf5 {[%emt 0:00:02]} Bb3 {[%emt 0:01:29]} 38. Ng3 {[%emt 0:00:30]} Bc2 {[%emt 0:00:42]} 39. a5 {[%emt 0:00:00]} c4 {[%emt 0:00:00]} 40. Re1 {[%emt 0:00:00]} Re8 41. Nf5 {[%emt 0:10:07]} Re5 {[%emt 0:01:34]} 42. Nd4 {[%emt 0:00:30]} Bd3 43. Ra1 {[%emt 0:01:10]} a6 {[%emt 0:04:45]} 44. Ra4 {[%emt 0:01:08]} e3 {[%emt 0:05:41]} 45. fxe3 {[%emt 0:00:15]} Rxe3 {[%emt 0:00:04]} 46. Rb4 {[%emt 0:01:20]} Re5 {[%emt 0:00:16]} 47. Rxb7 {[%emt 0:00:06]} Rxa5 {[%emt 0:00:02]} 48. Kf2 {[%emt 0:02:09]} Kg8 {[%emt 0:10:14]} 49. h4 {[%emt 0:00:56]} Ra1 {[%emt 0:00:46]} 50. g4 {[%emt 0:01:35]} a5 {[%emt 0:00:27]} 51. h5 {[%emt 0:00:11]} a4 {[%emt 0:00:32]} 52. h6 {[%emt 0:02:08]} a3 {[%emt 0:02:55]} 53. bxa3 {[%emt 0:00:19]} Rxa3 {[%emt 0:00:03]} 54. Ne6 {[%emt 0:02:47]} Ra6 {[%emt 0:00:43]} 55. Rg7+ {[%emt 0:01:05]} Kh8 {[%emt 0:00:09]} 56. Re7 {[%emt 0:00:03]} Kg8 {[%emt 0:05:54]} 57. Ke3 {[%emt 0:00:36]} Ra1 {[%emt 0:00:05]} 58. Rg7+ {[%emt 0:00:50]} Kh8 {[%emt 0:00:24]} 59. Nd8 {[%emt 0:00:33]} 1-0

[Event "35th European Club Cup 2019"]
[Site "Ulcinj"]
[Date "2019.11.13"]
[Round "4.18"]
[White "Van Ketel, Raoul"]
[Black "Bratkovic, Sham"]
[Result "0-1"]
[WhiteElo "2212"]
[BlackElo "2232"]
[Annotator "NA"]
[PlyCount "82"]
[EventDate "2019.11.10"]
[EventType "team-tourn"]
[EventCountry "MNE"]
[SourceTitle "playchess.com"]
[Source "ChessBase"]
[SourceQuality "1"]
[TimeControl "40/5400+30:1800+30"]

1. d4 {[%emt 0:00:00]} d5 {[%emt 0:01:03]} 2. c4 {[%emt 0:00:00]} c6 {[%emt 0:00:15]} 3. cxd5 {[%emt 0:00:00]} cxd5 {[%emt 0:00:14]} 4. Bf4 {[%emt 0:00:00]} Nc6 {[%emt 0:02:44]} 5. e3 {[%emt 0:00:17]} Nf6 {[%emt 0:03:32]} 6. Nc3 {[%emt 0:00:10]} Bf5 {[%emt 0:04:28]} 7. Qb3 {[%emt 0:03:53]} Na5 {[%emt 0:05:42]} 8. Qa4+ {[%emt 0:00:42]} Bd7 {[%emt 0:01:03]} 9. Qc2 {[%emt 0:00:12]} Rc8 {[%emt 0:02:23]} 10. Bd3 {[%emt 0:05:26]} e6 {[%emt 0:02:57]} 11. h3 {[%emt 0:03:16]} Qb6 {[%emt 0:05:35]} 12. Nge2 {[%emt 0:14:35]} Bd6 {[%emt 0:04:53]} 13. O-O {[%emt 0:05:41]} Bxf4 {[%emt 0:04:51]} 14. Nxf4 {[%emt 0:00:18]} O-O {[%emt 0:00:19]} 15. Qe2 {[%emt 0:08:32]} Nc4 {[%emt 0:04:42]} 16. Rab1 {[%emt 0:12:28]} Qd6 {[%emt 0:13:08]} 17. Rfd1 {[%emt 0:05:51]} b5 {[%emt 0:03:53]} 18. Rbc1 {[%emt 0:05:12]} Qb4 {[%emt 0:13:08]} 19. b3 {[%emt 0:02:30]} Nd6 {[%emt 0:02:08]} 20. Qb2 {[%emt 0:01:45]} Qa5 {[%emt 0:08:35]} 21. Nb1 {[%emt 0:12:31]} b4 {[%emt 0:02:39]} 22. a4 {[%emt 0:07:53]} bxa3 {[%emt 0:02:52]} 23. Nxa3 {[%emt 0:00:28]} Qb6 {[%emt 0:03:17]} 24. Rxc8 {[%emt 0:03:35]} Rxc8 {[%emt 0:00:08]} 25. Rb1 {[%emt 0:00:07]} Qb4 {[%emt 0:01:42]} 26. Bc2 {[%emt 0:01:46]} Nfe4 {[%emt 0:01:22]} 27. Bxe4 {[%emt 0:04:16]} Nxe4 {[%emt 0:00:08]} 28. Nd3 {[%emt 0:01:08]} Qc3 {[%emt 0:00:44]} 29. Ne5 {[%emt 0:00:21]} Be8 {[%emt 0:01:02]} 30. Qxc3 {[%emt 0:00:57]} Rxc3 {[%emt 0:00:42]} 31. Rb2 {[%emt 0:00:45]} f6 {[%emt 0:01:53]} 32. Nf3 {[%emt 0:00:06]} Rc1+ {[%emt 0:00:47]} 33. Kh2 {[%emt 0:00:01]} Rf1 {[%emt 0:00:16]} 34. Rc2 {[%emt 0:00:46]} Nxf2 {[%emt 0:00:46]} 35. Rc8 {[%emt 0:01:00]} Rh1+ {[%emt 0:00:46]} 36. Kg3 {[%emt 0:00:01]} Ne4+ {[%emt 0:00:07]} 37. Kf4 {[%emt 0:01:05]} Nd6 {[%emt 0:01:46]} 38. Rd8 {[%emt 0:00:15]} g5+ {[%emt 0:00:24]} 39. Nxg5 {[%emt 0:00:36]} fxg5+ {[%emt 0:00:47]} 40. Kf3 {[%emt 0:00:00]} Rf1+ {[%emt 0:00:00]} 41. Ke2 {[%emt 0:00:36]} Ra1 {[%emt 0:00:42]} 0-1

[Event "35th European Club Cup 2019"]
[Site "Ulcinj"]
[Date "2019.11.13"]
[Round "4.19"]
[White "Cernousek, Lukas"]
[Black "Petenyi, Tamas"]
[Result "1-0"]
[WhiteElo "2461"]
[BlackElo "2420"]
[Annotator "ChessBase"]
[PlyCount "81"]
[EventDate "2019.11.10"]
[EventType "team-tourn"]
[EventCountry "MNE"]
[SourceTitle "playchess.com"]
[Source "ChessBase"]
[SourceQuality "1"]
[WhiteTeam "Unichess"]
[BlackTeam "Dunajska Streda"]
[TimeControl "40/5400+30:1800+30"]

1. d4 {[%emt 0:00:00]} Nf6 {[%emt 0:00:00]} 2. c4 {[%emt 0:00:00]} b6 {[%emt 0:01:44]} 3. f3 {[%emt 0:04:05]} Nc6 {[%emt 0:00:30]} 4. e4 {[%emt 0:00:30]} e5 {[%emt 0:15:17]} 5. d5 {[%emt 0:00:10]} Nxe4 {[%emt 0:08:50]} 6. fxe4 {[%emt 0:02:35]} Qh4+ {[%emt 0:00:21]} 7. Kd2 {[%emt 0:00:58]} Nd4 {[%emt 0:04:33]} 8. Nc3 {[%emt 0:11:31]} Qf2+ {[%emt 0:16:02]} 9. Kd3 {[%emt 0:05:23]} Ba6 {[%emt 0:15:27]} 10. Nh3 {[%emt 0:01:27]} Qf6 {[%emt 0:00:19]} 11. Be3 {[%emt 0:06:01]} c6 {[%emt 0:03:56]} 12. Kd2 {[%emt 0:03:08]} Bc5 {[%emt 0:02:09]} 13. Qg4 {[%emt 0:22:23]} O-O {[%emt 0:02:00]} 14. Bd3 {[%emt 0:00:33]} b5 {[%emt 0:01:15]} 15. cxb5 {[%emt 0:09:02]} cxb5 {[%emt 0:00:27]} 16. Ne2 {[%emt 0:00:18]} Qb6 {[%emt 0:03:25]} 17. Nxd4 {[%emt 0:00:23]} Bxd4 {[%emt 0:01:04]} 18. Qe2 {[%emt 0:00:11]} Rac8 {[%emt 0:02:22]} 19. Rhc1 {[%emt 0:10:11]} f5 20. exf5 {[%emt 0:00:30]} e4 {[%emt 0:07:51]} 21. Rxc8 {[%emt 0:00:39]} Rxc8 {[%emt 0:01:49]} 22. Bxe4 {[%emt 0:01:15]} Re8 {[%emt 0:01:48]} 23. Qd3 {[%emt 0:10:25]} Qa5+ {[%emt 0:01:03]} 24. Kc2 {[%emt 0:09:26]} Bf6 {[%emt 0:00:46]} 25. Nf2 {[%emt 0:00:49]} b4 {[%emt 0:01:25]} 26. Qd2 {[%emt 0:00:02]} Qc7+ {[%emt 0:02:24]} 27. Kd1 {[%emt 0:00:56]} Qxh2 {[%emt 0:01:11]} 28. Rc1 {[%emt 0:00:01]} Qh4 {[%emt 0:02:18]} 29. d6 {[%emt 0:00:31]} h6 {[%emt 0:00:27]} 30. Kc2 {[%emt 0:01:00]} Rc8+ {[%emt 0:03:31]} 31. Kb1 {[%emt 0:00:10]} Rxc1+ {[%emt 0:00:00]} 32. Kxc1 {[%emt 0:00:23]} Kh8 {[%emt 0:00:59]} 33. Bf4 {[%emt 0:00:38]} Bc4 {[%emt 0:00:21]} 34. Qe3 {[%emt 0:00:37]} Bxa2 {[%emt 0:00:39]} 35. Qg3 {[%emt 0:00:22]} Qxg3 {[%emt 0:00:37]} 36. Bxg3 {[%emt 0:00:01]} a5 {[%emt 0:00:04]} 37. Ng4 {[%emt 0:00:31]} Bg5+ {[%emt 0:00:04]} 38. Kc2 a4 39. Ne5 {[%emt 0:00:53]} a3 {[%emt 0:01:12]} 40. b3 {[%emt 0:00:00]} h5 41. Nf7+ {[%emt 0:00:17]} 1-0

[Event "35th European Club Cup 2019"]
[Site "Ulcinj"]
[Date "2019.11.13"]
[Round "4.20"]
[White "Adams, Michael"]
[Black "Postny, Evgeny"]
[Result "1-0"]
[WhiteElo "2692"]
[BlackElo "2615"]
[Annotator "TA"]
[PlyCount "171"]
[EventDate "2019.11.10"]
[EventType "team-tourn"]
[EventCountry "MNE"]
[SourceTitle "playchess.com"]
[Source "ChessBase"]
[SourceQuality "1"]
[WhiteTeam "Padova"]
[BlackTeam "Beer Sheva"]

{[%evp 13,171,28,27,14,27,15,17,22,37,31,59,50,51,35,36,30,28,31,28,29,56,51,66,8,72,59,129,119,126,134,111,134,147,69,121,68,168,160,168,81,77,83,77,70,78,72,79,75,86,84,91,87,89,75,101,102,102,103,116,110,112,112,123,115,115,113,113,119,114,120,117,116,124,117,124,122,144,152,135,135,161,159,157,148,178,179,202,193,233,235,227,210,255,266,267,176,267,258,228,229,260,233,266,247,223,213,328,339,313,325,331,320,322,183,405,396,421,408,370,320,333,317,337,345,438,404,633,572,557,1172,1390,1441,986,883,1729,1442,1527,1517,2013,1166,2339,836,29962,29963,29957,29963,29954,9625,6390,5104,29971,29972,29972,29973,29976,29977,29975,29972,29942,5622]} 1. e4 c6 2. d4 d5 3. e5 Bf5 4. Nf3 e6 5. Be2 Ne7 6. O-O Nd7 7. Nbd2 {[%cal Bb1d2,Bd2b3,Bb3a5][%mdl 32]} c5 8. c4 {B12: Caro-Kann: Advance Variation} (8. c3 Nc6 9. Nb3 c4 10. Nbd2 b5 11. Re1 b4 12. Nf1 Be7 13. Ng3 Bg6 14. Be3 O-O 15. h4 Bxh4 16. Nxh4 Qxh4 17. cxb4 Nxb4 {1-0 (35) Vachier Lagrave,M (2789)-Mamedyarov,S (2808) Paris 2018}) 8... a6 9. dxc5 Nxc5 10. Nb3 {The position is equal.} Nd7 11. Bd2 dxc4 12. Na5 Be4 13. Nxc4 {[%cal Rc4d6]} Nc6 14. Bg5 {[#]} Qb8 $146 ({Predecessor:} 14... Qc7 15. Rc1 Bc5 {½-½ (50) Efimenko,Z (2660)-Pantsulaia,L (2617) Plovdiv 2008}) 15. Rc1 $36 {[%mdl 2048] Black is under pressure.} Bd5 16. Bf4 Bc5 17. Bd3 h6 18. Nfd2 (18. Bb1 $14) 18... Be7 (18... O-O $11 {keeps the balance.}) 19. Re1 $16 Qa7 ({Better is} 19... Kf8 $14) 20. Be4 O-O 21. Bxd5 $1 exd5 22. Qg4 {And now Bxh6 would win.} Nc5 {[%cal Bd7c5,Bc5e6,Be6d4][%mdl 32]} 23. Bxh6 (23. Ne3 $16 {Strongly threatening Bxh6.} h5 24. Qg3) 23... Ne6 $14 24. Be3 (24. Ne3 $16 {Threatens to win with Bxg7!} Qd4 25. Qxd4 Nexd4 26. Bf4) 24... Qb8 (24... Bc5 $1 $14) 25. Nb6 $1 $18 {[%csl LRa8,LRd5][%mdl 64] Double Attack} Nxe5 26. Qe2 (26. Qf5 $1 $18 {is more deadly.}) 26... d4 $16 {[#]} 27. Bxd4 $1 {[%mdl 576] Decoy} Nxd4 28. Qxe5 Qxe5 29. Rxe5 Bf6 30. Ree1 $1 Bg5 31. Rcd1 Rad8 {Hoping for ...Bxd2.} 32. Ne4 Be7 33. Nc3 Bb4 34. Nbd5 Bxc3 35. Nxc3 Rd7 36. Kf1 Rfd8 37. Rd2 Ne6 38. Rxd7 Rxd7 {[%mdl 4096] Endgame KRN-KRN} 39. Rd1 Rc7 40. Rd6 Kf8 41. g3 Ke7 42. Rd2 {Nd5+ is the strong threat.} Rc5 43. h4 b5 44. Ke2 Rc4 45. Nd5+ Ke8 46. Ne3 Rc1 47. Rd1 Rc6 48. h5 Rc5 49. g4 Ke7 50. Kf3 Ng5+ 51. Kf4 {aiming for Nd5+.} Ne6+ 52. Kg3 Re5 53. b4 Re4 54. Rd3 Kf8 (54... Nf4 $142 55. Ra3 Rxb4 56. Rxa6 Ne2+ 57. Kh4 Ra4 58. Nf5+ Kf8) 55. a3 $18 Kg8 56. Rd5 Kh7 57. Rd7 Ng5 58. Ra7 Re6 59. Kg2 g6 (59... Rf6 {is a better defense.} 60. Nf5 Rc6) 60. hxg6+ Kxg6 61. Nf5 Ne4 62. f4 Nc3 63. Ra8 (63. Kf3 $142) 63... Nd5 $2 (63... Ne2) 64. Kf3 Rc6 65. Rg8+ Kf6 66. Rd8 Ne7 67. Rd6+ Rxd6 68. Nxd6 {KN-KN} Ke6 69. Nb7 Kd5 (69... Nd5 $142 70. Nc5+ Kd6 71. Nxa6 Nb6) 70. g5 Nf5 71. Nd8 Nd6 72. Kg4 Ke4 {[#]} 73. f5 $1 {[%cal Rf5f6][%mdl 576] Deflection} Nxf5 74. Nxf7 Ne7 75. Nd6+ Kd5 76. Nb7 Kc4 77. Kh5 Kd5 78. g6 Kc6 79. Na5+ Kd5 80. Kg5 (80. g7 $142 Kd6 81. Kg5 Ke6 {[#]} 82. Nc6 $1 {[%mdl 512]} Ng8 83. Kg6 Kd5 84. Nb8 Ne7+ 85. Kf7 $1 {[%mdl 512]}) 80... Ke5 81. Nb7 Nf5 82. Nc5 {White mates.} Ng7 83. Nxa6 Ne6+ 84. Kh6 Kf6 85. Nc5 Nd4 86. Kh7 {Accuracy: White = 86%, Black = 42%.} (86. Ne4+ $142 Ke6 87. g7 Nf5+ 88. Kh7 Nxg7 89. Kxg7 Kd5 90. Kf6 Kxe4 91. Ke6) 1-0

[Event "35th European Club Cup 2019"]
[Site "Ulcinj"]
[Date "2019.11.13"]
[Round "4.20"]
[White "Bagi, Mate"]
[Black "Simek, Petr"]
[Result "*"]
[WhiteElo "2470"]
[BlackElo "2307"]
[Annotator "RC"]
[PlyCount "27"]
[EventDate "2019.11.10"]
[EventType "team-tourn"]
[EventCountry "MNE"]
[SourceTitle "playchess.com"]
[Source "ChessBase"]
[SourceQuality "1"]
[WhiteTeam "Dunajska Streda"]
[BlackTeam "Unichess"]
[TimeControl "40/5400+30:1800+30"]

1. e4 e5 2. Nf3 Nc6 3. Nc3 Nf6 4. Bb5 Nd4 5. Bc4 Bc5 6. d3 d6 7. Na4 b5 8. Nxd4 bxc4 9. Nf5 Bxf5 10. exf5 cxd3 11. Nxc5 dxc5 12. Qxd3 Qxd3 13. cxd3 O-O-O 14. Ke2 *